<?xml version="1.0" encoding="UTF-8"?><?xml-stylesheet type="text/xsl" href="static/style.xsl"?><OAI-PMH xmlns="http://www.openarchives.org/OAI/2.0/" xmlns:xsi="http://www.w3.org/2001/XMLSchema-instance" xsi:schemaLocation="http://www.openarchives.org/OAI/2.0/ http://www.openarchives.org/OAI/2.0/OAI-PMH.xsd"><responseDate>2026-06-06T01:57:46Z</responseDate><request verb="GetRecord" identifier="oai:riuma.uma.es:10630/26284" metadataPrefix="marc">https://riuma.uma.es/rest/oai/request</request><GetRecord><record><header><identifier>oai:riuma.uma.es:10630/26284</identifier><datestamp>2026-02-03T11:10:46Z</datestamp><setSpec>com_10630_2254</setSpec><setSpec>col_10630_37953</setSpec></header><metadata><record xmlns="http://www.loc.gov/MARC21/slim" xmlns:dcterms="http://purl.org/dc/terms/" xmlns:doc="http://www.lyncode.com/xoai" xmlns:xsi="http://www.w3.org/2001/XMLSchema-instance" xsi:schemaLocation="http://www.loc.gov/MARC21/slim http://www.loc.gov/standards/marcxml/schema/MARC21slim.xsd">
   <leader>00925njm 22002777a 4500</leader>
   <datafield ind2=" " ind1=" " tag="042">
      <subfield code="a">dc</subfield>
   </datafield>
   <datafield ind2=" " ind1=" " tag="720">
      <subfield code="a">Fernández-Hernández, Francisco Ángel</subfield>
      <subfield code="e">author</subfield>
   </datafield>
   <datafield ind2=" " ind1=" " tag="720">
      <subfield code="a">Atienza Márquez, Antonio</subfield>
      <subfield code="e">author</subfield>
   </datafield>
   <datafield ind2=" " ind1=" " tag="720">
      <subfield code="a">Peña Suárez, José Miguel</subfield>
      <subfield code="e">author</subfield>
   </datafield>
   <datafield ind2=" " ind1=" " tag="720">
      <subfield code="a">Bandera Cantalejo, Juan Antonio</subfield>
      <subfield code="e">author</subfield>
   </datafield>
   <datafield ind2=" " ind1=" " tag="720">
      <subfield code="a">González Muriano, María del Carmen</subfield>
      <subfield code="e">author</subfield>
   </datafield>
   <datafield ind2=" " ind1=" " tag="260">
      <subfield code="c">2022-07-08</subfield>
   </datafield>
   <datafield ind2=" " ind1=" " tag="520">
      <subfield code="a">This paper presents an analysis of a thermal zoning system integrated in a Heating, Ventilation and Air-&#xd;
Conditioning (HVAC) system based on an air-to-water heat pump with a ducted fan coil. Zoned systems are&#xd;
based on independently controlling the temperature of each of the zones of a building. When a zone is not&#xd;
occupied or not in demand, the control board sends a control signal to the zone’s motorised damper which&#xd;
interrupts the airflow supply to that room. Although this control system is gaining popularity in the residential&#xd;
sector, the results obtained in terms of thermal comfort and energy consumptions are not evident and should be documented. Besides, the control strategy is based on an algorithm that allows acting on the heat pump, setting the set-point temperature, and on the fan-coil, setting the fan speed. Based on this, it is possible to design an algorithm to optimize the performance of the installation ensuring thermal comfort and achieving energy savings.&#xd;
The thermal zoning and the HVAC control system are modelled and simulated in Trnsys17 for the case of study of a residential dwelling, compared with two different configurations: a non-zoned ducted fan coil and individual fan coils. Important benefits are obtained in the evaluation of thermal comfort, with higher values of PPD in all zones. From the point of view of energy consumption, the influence of the thermal zoning on the performance of the heat pump reports important energy savings. Finally, an economic analysis results in payback periods lower than 4.9 years.</subfield>
   </datafield>
   <datafield ind1="8" ind2=" " tag="024">
      <subfield code="a">Hernández, F. A., Atienza-Márquez, A., Suárez, J. M. P., Cantalejo, J. A. B., &amp; Muriano, M. C. G. (2022). Analysis of a HVAC zoning control system with an air-to-water heat pump and a ducted fan coil unit in residential buildings. Applied Thermal Engineering, 215, 118963.</subfield>
   </datafield>
   <datafield ind1="8" ind2=" " tag="024">
      <subfield code="a">https://hdl.handle.net/10630/26284</subfield>
   </datafield>
   <datafield ind1="8" ind2=" " tag="024">
      <subfield code="a">doi.org/10.1016/j.applthermaleng.2022.118963</subfield>
   </datafield>
   <datafield tag="653" ind2=" " ind1=" ">
      <subfield code="a">Sistemas de mando y control</subfield>
   </datafield>
   <datafield tag="653" ind2=" " ind1=" ">
      <subfield code="a">Sistemas de control inteligente</subfield>
   </datafield>
   <datafield ind2="0" ind1="0" tag="245">
      <subfield code="a">Analysis of a HVAC zoning control system with an air-to-water heat pump and a ducted fan coil unit in residential buildings</subfield>
   </datafield>
</record>
</metadata></record></GetRecord></OAI-PMH>